|
|
|
|
| LEADER |
00000naa2a2200000 4500 |
| 001 |
612306 |
| 005 |
20260422105504.0 |
| 035 |
|
|
|a (RuTPU)RU\TPU\conf\10427
|
| 035 |
|
|
|a RU\TPU\conf\10426
|
| 090 |
|
|
|a 612306
|
| 100 |
|
|
|a 20150609d2015 k y0rusy50 ca
|
| 101 |
0 |
|
|a rus
|
| 102 |
|
|
|a RU
|
| 135 |
|
|
|a drgn ---uucaa
|
| 181 |
|
0 |
|a i
|
| 182 |
|
0 |
|a b
|
| 200 |
1 |
|
|a Создание модели обмотки низкого напряжения силового трансформатора ТРДН-25000/110
|f А. А. Будько, Д. П. Корольков
|g науч. рук. О. В. Васильева
|
| 203 |
|
|
|a Текст
|c электронный
|
| 225 |
1 |
|
|a Традиционная и атомная энергетика, альтернативные технологии производства энергии
|
| 300 |
|
|
|a Заглавие с титульного экрана
|
| 320 |
|
|
|a [Библиогр.: с. 144 (3 назв.)]
|
| 337 |
|
|
|a Adobe Reader
|
| 463 |
|
1 |
|0 (RuTPU)RU\TPU\conf\10353
|t Ресурсоэффективным технологиям - энергию и энтузиазм молодых
|o сборник научных трудов VI Всероссийской конференции, г. Томск, 22-24 апреля 2015 г.
|f Национальный исследовательский Томский политехнический университет (ТПУ)
|v [С. 142-144]
|d 2015
|
| 610 |
1 |
|
|a труды учёных ТПУ
|
| 610 |
1 |
|
|a электронный ресурс
|
| 610 |
1 |
|
|a обмотки
|
| 610 |
1 |
|
|a низкое напряжение
|
| 610 |
1 |
|
|a силовые трансформаторы
|
| 700 |
|
1 |
|a Будько
|b А. А.
|
| 701 |
|
1 |
|a Корольков
|b Д. П.
|
| 702 |
|
1 |
|a Васильева
|b О. В.
|c специалист в области теоретической электротехники
|c старший преподаватель Томского политехнического университета
|f 1983-
|g Ольга Владимировна
|4 727
|
| 712 |
0 |
2 |
|a Национальный исследовательский Томский политехнический университет (ТПУ)
|b Энергетический институт (ЭНИН)
|b Кафедра электрических сетей и электротехники (ЭСиЭ)
|3 (RuTPU)RU\TPU\col\18677
|
| 801 |
|
2 |
|a RU
|b 63413507
|c 20210119
|g RCR
|
| 856 |
4 |
|
|u http://earchive.tpu.ru/handle/11683/19386
|
| 856 |
4 |
|
|u http://www.lib.tpu.ru/fulltext/c/2015/C08/042.pdf
|
| 942 |
|
|
|c BK
|